|
|
|
|
| LEADER |
00000nab a2200000 a 4500 |
| 001 |
vtls000047449 |
| 003 |
SK-MaSNL |
| 005 |
20260304071851.0 |
| 008 |
250423c1979 xo 0 slo |
| 015 |
|
|
|a SNBRB19rr/mm-uuuuu
|
| 035 |
|
|
|a CL0057545
|
| 035 |
|
|
|a urn:nbn:sk:snk-abeimh
|
| 035 |
|
|
|a (urnnbn)urn:nbn:sk:snk:ar-000em9
|
| 035 |
|
|
|a (uuid)6cbe8d33-a985-46fd-b17e-db3f0fb9750e
|
| 040 |
|
|
|a SNKBUCL
|b slo
|c SNKBUCL
|e AACR2
|
| 041 |
0 |
|
|a slo
|
| 044 |
|
|
|a xo
|c SK
|
| 080 |
|
|
|a 885.4-1
|2 1981
|
| 100 |
1 |
|
|a Koyš, Pavel,
|d 1932-1993
|4 aut
|9 74689
|
| 245 |
1 |
0 |
|a Báseň
|c Pavel Koyš
|
| 655 |
|
7 |
|a slovenská poézia
|2 snkbucl
|9 70444
|
| 655 |
|
7 |
|a články z novín a časopisov
|2 snkbucl
|9 267496
|
| 655 |
|
7 |
|a články z odboru literárna veda a krásna literatúra
|2 snkbucl
|9 770045
|
| 773 |
0 |
|
|t Slovenské pohľady
|g Roč. 95, č. 9 (1979), s. 1
|
| 850 |
|
|
|a Slovenská národná knižnica
|
| 852 |
|
|
|a Slovenská národná knižnica
|
| 954 |
|
|
|a beletria pôvodná (slovenská)
|2 lita
|
| 958 |
|
|
|a article27
|
| 958 |
|
|
|a RK
|
| 958 |
|
|
|a LX
|
| 958 |
|
|
|a OND
|
| 958 |
|
|
|a EUIPO
|
| 992 |
|
|
|a RBX
|
| 999 |
|
|
|c 2762813
|d 2764743
|